| 000 | 00335nam a2200145Ia 4500 | ||
|---|---|---|---|
| 008 | 230917s9999||||xx |||||||||||||| ||und|| | ||
| 040 |
_e187711 _aMAIN |
||
| 041 | _aEnglish | ||
| 082 | _a821.8 E46S:C | ||
| 100 | _aSullivan, Sheila | ||
| 245 | 0 | _aCritics on | |
| 260 |
_aNew Delhi _bUniversal _c1990 |
||
| 300 | _a120 p. | ||
| 942 | _cBK | ||
| 999 |
_c85520 _d85520 |
||